000 00422nam a22001697a 4500
005 20160628143440.0
008 160628b xxu||||| |||| 00| 0 eng d
020 _a81-297-0497-8
041 _aeng
082 _b10596
100 _aThorpe Edgar and Thorpe, Showick
_93071
245 _aConcise General Knowledge Manual (2005)
260 _bPearson
_c2005
300 _a13.145
650 _aManagement
_9241
942 _cBK
999 _c4458
_d4457